[Event "La Roda op 51st"]
[Site "La Roda"]
[Date "2025.04.17"]
[Round "4"]
[White "Fier, Alexandr"]
[Black "Centron Antuna, Daniel"]
[Result "1-0"]
[WhiteElo "2534"]
[BlackElo "2299"]
[PlyCount "51"]
[EventDate "2025.04.15"]
[EventType "swiss"]
[EventRounds "9"]
[EventCountry "ESP"]
[SourceTitle "CB17_2025"]
[SourceDate "2025.04.23"]
[SourceVersion "1"]
[SourceVersionDate "2025.04.23"]
[SourceQuality "1"]

1. e4 e6 2. d4 d5 3. Nc3 Bb4 4. e5 c5 5. a3 Bxc3+ 6. bxc3 Ne7 7. Qg4 Qc7 8. Bd3 cxd4 9. Ne2 dxc3 10. Qxg7 Rg8 11. Qxh7 Qxe5 12. Bf4 Qf6 13. h4 Rxg2 14. Kf1 e5 15. Kxg2 exf4 16. Kf1 Bg4 17. h5 Nd7 18. h6 0-0-0 19. Qg7 Bxe2+ 20. Kxe2 Qe6+ 21. Kf1 Qf6 22. Re1 Ng6 23. Qxf6 Nxf6 24. Bxg6 fxg6 25. h7 Rh8 26. Re7 1-0

[Event "La Roda op 51st"]
[Site "La Roda"]
[Date "2025.04.15"]
[Round "1"]
[White "Centron Antuna, Daniel"]
[Black "Goncalves, Goncalo Cravo Jesus"]
[Result "1-0"]
[WhiteElo "2299"]
[BlackElo "1871"]
[PlyCount "85"]
[EventDate "2025.04.15"]
[EventType "swiss"]
[EventRounds "9"]
[EventCountry "ESP"]
[SourceTitle "CB17_2025"]
[SourceDate "2025.04.23"]
[SourceVersion "1"]
[SourceVersionDate "2025.04.23"]
[SourceQuality "1"]

1. e4 c6 2. d4 d5 3. e5 Bf5 4. Nf3 e6 5. Be2 Ne7 6. 0-0 Ng6 7. Be3 Nd7 8. Nbd2 f6 9. Ne1 h5 10. Bxh5 fxe5 11. g4 Rxh5 12. gxh5 Nh8 13. dxe5 Nxe5 14. Bf4 Nhf7 15. Qe2 Qf6 16. Bg3 Bc5 17. Nd3 Nxd3 18. cxd3 Bd4 19. Rfe1 0-0-0 20. Nb3 Bxb2 21. Rab1 Bd4 22. Rec1 Ng5 23. h4 Bxf2+ 24. Bxf2 Nh3+ 25. Kh2 Bxd3 26. Qxd3 Nxf2 27. Qe2 Qxh4+ 28. Kg2 Ne4 29. Qf3 Qe7 30. Qg4 Nf6 31. Qg6 Rh8 32. Na5 Qa3 33. Nxb7 Qxa2+ 34. Kg1 Qa4 35. Nd6+ Kc7 36. Nb5+ Kc8 37. Rxc6+ Kd8 38. Rd6+ Kc8 39. Rc1+ Kb8 40. Qg3 e5 41. Rb1 Ne4 42. Qxg7 Nxd6 43. Nxd6+ 1-0

[Event "Titled Tuesday intern op 01st Apr Early"]
[Site "Chess.com INT"]
[Date "2025.04.01"]
[Round "10"]
[White "Bargsten, Justus"]
[Black "Centron Antuna, Daniel"]
[Result "0-1"]
[WhiteElo "2229"]
[BlackElo "2334"]
[PlyCount "52"]
[EventDate "2025.04.01"]
[EventType "swiss (blitz)"]
[EventRounds "11"]
[EventCountry "USA"]
[SourceTitle "CB15_2025"]
[SourceDate "2025.04.09"]
[SourceVersion "1"]
[SourceVersionDate "2025.04.09"]
[SourceQuality "1"]

1. c4 c5 2. Nf3 Nc6 3. d4 cxd4 4. Nxd4 Nf6 5. Nc3 g6 6. e4 Bg7 7. Be3 0-0 8. Be2 d6 9. 0-0 Nxd4 10. Bxd4 Be6 11. Rc1 Rc8 12. b3 a6 13. Nd5 Nxe4 14. Bxg7 Kxg7 15. Qd4+ Nf6 16. Nxf6 exf6 17. Bf3 Qc7 18. Rfd1 Rfd8 19. Rd2 b5 20. Rdc2 bxc4 21. Bd5 Qc5 22. Qxc5 Rxc5 23. Bxc4 Rdc8 24. Kf1 Bf5 25. Rc3 d5 26. g4 Be6 0-1

[Event "Titled Tuesday intern op 01st Apr Early"]
[Site "Chess.com INT"]
[Date "2025.04.01"]
[Round "1"]
[White "Centron Antuna, Daniel"]
[Black "Sedaghati, Mehrdad"]
[Result "1-0"]
[WhiteElo "2334"]
[BlackElo "2196"]
[PlyCount "93"]
[EventDate "2025.04.01"]
[EventType "swiss (blitz)"]
[EventRounds "11"]
[EventCountry "USA"]
[SourceTitle "CB15_2025"]
[SourceDate "2025.04.09"]
[SourceVersion "1"]
[SourceVersionDate "2025.04.09"]
[SourceQuality "1"]

1. d4 d5 2. Bf4 Nf6 3. Nf3 e6 4. e3 c5 5. c3 Nc6 6. Nbd2 cxd4 7. exd4 Bd6 8. Bxd6 Qxd6 9. Bb5 0-0 10. 0-0 a6 11. Bxc6 bxc6 12. Nb3 Bd7 13. Nc5 Rab8 14. b4 Ne8 15. Ne5 Bc8 16. Qa4 Rb6 17. Rfe1 Nc7 18. Re3 f6 19. Ned3 Nb5 20. Qc2 Na3 21. Qc1 Nc4 22. Rg3 e5 23. Qh6 Qe7 24. Qh4 exd4 25. cxd4 Re8 26. h3 Bf5 27. Re1 Qxe1+ 28. Nxe1 Rxe1+ 29. Kh2 Nd2 30. f3 Nf1+ 31. Kg1 Nxg3+ 32. Kf2 Re2+ 33. Kxg3 Rxb4 34. Qh5 Bg6 35. Qg4 f5 36. Qf4 Rbb2 37. Qc7 Rxg2+ 38. Kf4 Rge2 39. Qxc6 Rbd2 40. Qxd5+ Kh8 41. Ne6 h6 42. Qd8+ Kh7 43. Nf8+ Kg8 44. Nxg6+ Kf7 45. Ne5+ Ke6 46. Qd7+ Kf6 47. Qf7# 1-0

[Event "Titled Tuesday intern op 25th Mar Early"]
[Site "Chess.com INT"]
[Date "2025.03.25"]
[Round "10"]
[White "Fernandez Siles, Luis"]
[Black "Centron Antuna, Daniel"]
[Result "1-0"]
[WhiteElo "2169"]
[BlackElo "2334"]
[PlyCount "77"]
[EventDate "2025.03.25"]
[EventType "swiss (blitz)"]
[EventRounds "11"]
[EventCountry "USA"]
[SourceTitle "CB14_2025"]
[SourceDate "2024.11.01"]
[SourceVersion "1"]
[SourceVersionDate "2024.11.01"]
[SourceQuality "1"]

1. e4 c5 2. Nf3 d6 3. Bb5+ Bd7 4. Bxd7+ Qxd7 5. 0-0 Nf6 6. Re1 Nc6 7. c3 g6 8. d4 cxd4 9. cxd4 Bg7 10. d5 Ne5 11. Nxe5 dxe5 12. Nc3 0-0 13. h3 Rac8 14. Bg5 Ne8 15. Rc1 Nd6 16. Qb3 b6 17. a4 h6 18. Be3 Nc4 19. Nb5 Nxe3 20. Qxe3 a6 21. Nc3 b5 22. axb5 axb5 23. Qb6 Rb8 24. Qc6 Rfd8 25. Qxd7 Rxd7 26. Na2 b4 27. Rc4 Rdb7 28. Rec1 h5 29. Rc8+ Bf8 30. Rxb8 Rxb8 31. Rc4 e6 32. dxe6 fxe6 33. Kf1 b3 34. Nc1 Bh6 35. Nd3 Rd8 36. Ke2 Kg7 37. Rc3 Rd4 38. f3 Rb4 39. Nxb4 1-0

[Event "Titled Tuesday intern op 25th Mar Early"]
[Site "Chess.com INT"]
[Date "2025.03.25"]
[Round "5"]
[White "Kovalchuk, Alexey"]
[Black "Centron Antuna, Daniel"]
[Result "1-0"]
[WhiteElo "2304"]
[BlackElo "2334"]
[PlyCount "105"]
[EventDate "2025.03.25"]
[EventType "swiss (blitz)"]
[EventRounds "11"]
[EventCountry "USA"]
[SourceTitle "CB14_2025"]
[SourceDate "2024.11.01"]
[SourceVersion "1"]
[SourceVersionDate "2024.11.01"]
[SourceQuality "1"]

1. e4 c5 2. Nf3 d6 3. d4 cxd4 4. Nxd4 Nf6 5. Nc3 a6 6. Be3 e5 7. Nf3 Be7 8. Bc4 0-0 9. 0-0 b5 10. Bd5 b4 11. Bxa8 bxc3 12. bxc3 Qc7 13. Rb1 Nbd7 14. Qd3 Nc5 15. Bxc5 Qxc5 16. c4 Bg4 17. Bd5 Nh5 18. Qe3 Qc8 19. Rb7 Bf6 20. Rfb1 Nf4 21. Bxf7+ Kh8 22. g3 Nh3+ 23. Kg2 h6 24. Rb8 Qxb8 25. Rxb8 Rxb8 26. Bh5 Bxh5 27. Kxh3 Rb2 28. Qd3 Rxa2 29. Qb3 Ra1 30. g4 Bg6 31. Qb8+ Kh7 32. Qxd6 Bxe4 33. Nxe5 Rg1 34. f3 Bxc2 35. Qd5 Rd1 36. Qe6 Re1 37. f4 Re3+ 38. Kg2 Re2+ 39. Kf3 Bd1 40. Kg3 Re3+ 41. Kf2 Re2+ 42. Kf1 Bh4 43. Qf5+ Kh8 44. Ng6+ Kg8 45. Nxh4 Rxh2 46. Ng6 Be2+ 47. Kg1 Rh3 48. Qf8+ Kh7 49. f5 Rg3+ 50. Kf2 Rf3+ 51. Kxe2 Rxf5 52. gxf5 h5 53. Qh8# 1-0

[Event "Titled Tuesday intern op 25th Mar Early"]
[Site "Chess.com INT"]
[Date "2025.03.25"]
[Round "7"]
[White "Salimiyan, Behzad"]
[Black "Centron Antuna, Daniel"]
[Result "0-1"]
[WhiteElo "2233"]
[BlackElo "2334"]
[PlyCount "76"]
[EventDate "2025.03.25"]
[EventType "swiss (blitz)"]
[EventRounds "11"]
[EventCountry "USA"]
[SourceTitle "CB14_2025"]
[SourceDate "2024.11.01"]
[SourceVersion "1"]
[SourceVersionDate "2024.11.01"]
[SourceQuality "1"]

1. Nf3 d5 2. d4 Nf6 3. c3 c6 4. Bf4 Bf5 5. Nbd2 Nbd7 6. e3 e6 7. Qb3 Qb6 8. Be2 Be7 9. h3 h6 10. c4 Ne4 11. c5 Nxd2 12. Nxd2 Qxb3 13. axb3 e5 14. Bg3 exd4 15. exd4 Bf6 16. Nf3 Be4 17. 0-0-0 0-0 18. Rhe1 Rfe8 19. b4 b6 20. Ba6 Bxf3 21. gxf3 Rxe1 22. Rxe1 Bxd4 23. Bb7 Rd8 24. Bc7 Rf8 25. Bd6 Rd8 26. Bxc6 Bxf2 27. Re7 Nf6 28. Rxa7 bxc5 29. bxc5 Rc8 30. Ra6 Ne8 31. Bxe8 Rxe8 32. b4 d4 33. Ra3 Rc8 34. b5 d3 35. c6 Be3+ 36. Kd1 Bg5 37. b6 Rxc6 38. b7 Rc1# 0-1

[Event "Titled Tuesday intern op 18th Mar Late"]
[Site "Chess.com INT"]
[Date "2025.03.18"]
[Round "6"]
[White "Centron Antuna, Daniel"]
[Black "Bogaudinov, Rushan"]
[Result "1-0"]
[WhiteElo "2334"]
[BlackElo "1912"]
[PlyCount "135"]
[EventDate "2025.03.18"]
[EventType "swiss (blitz)"]
[EventRounds "11"]
[EventCountry "USA"]
[SourceTitle "CB13_2025"]
[SourceDate "2025.03.26"]
[SourceVersion "1"]
[SourceVersionDate "2025.03.26"]
[SourceQuality "1"]

1. d4 Nf6 2. c4 e6 3. Nf3 b6 4. g3 Bb7 5. Bg2 d5 6. 0-0 dxc4 7. Nbd2 Be7 8. Nxc4 0-0 9. b3 Nbd7 10. Bb2 c5 11. Rc1 cxd4 12. Qxd4 Nc5 13. Rfd1 Qxd4 14. Nxd4 Bxg2 15. Kxg2 Rac8 16. Ne5 Nce4 17. Ndc6 Bc5 18. f3 Ng5 19. h4 Nxf3 20. exf3 Rc7 21. b4 Be3 22. Rc3 Bh6 23. b5 Nd5 24. Rcd3 Ne3+ 25. Rxe3 Bxe3 26. Ba3 Bc5 27. Bxc5 bxc5 28. Nd7 Ra8 29. Nxc5 h5 30. Rd7 Rxd7 31. Nxd7 f6 32. a4 Kf7 33. a5 Ke8 34. Ndb8 Kf7 35. a6 g5 36. hxg5 fxg5 37. Kf2 Kf6 38. b6 axb6 39. a7 b5 40. Nd7+ Kf5 41. Nb6 Rh8 42. a8Q Rxa8 43. Nxa8 e5 44. Nc7 e4 45. Ne7+ Kf6 46. Ned5+ Ke5 47. f4+ gxf4 48. gxf4+ Kf5 49. Kg3 b4 50. Ne3+ Kf6 51. Ncd5+ Kg6 52. Nxb4 Kf6 53. Kh4 Kg6 54. Nbd5 Kh6 55. f5 Kh7 56. Kxh5 Kg7 57. Kg5 Kf7 58. Kf4 Kg7 59. Kxe4 Kf7 60. Ke5 Kg7 61. Ke6 Kg8 62. f6 Kf8 63. Nf5 Ke8 64. Nf4 Kf8 65. Ng6+ Kg8 66. f7+ Kh7 67. f8Q Kxg6 68. Qh6# 1-0

[Event "Titled Tuesday intern op 18th Mar Late"]
[Site "Chess.com INT"]
[Date "2025.03.18"]
[Round "3"]
[White "Centron Antuna, Daniel"]
[Black "Marin Masis, Jose Esteban"]
[Result "1-0"]
[WhiteElo "2334"]
[BlackElo "1963"]
[PlyCount "41"]
[EventDate "2025.03.18"]
[EventType "swiss (blitz)"]
[EventRounds "11"]
[EventCountry "USA"]
[SourceTitle "CB13_2025"]
[SourceDate "2025.03.26"]
[SourceVersion "1"]
[SourceVersionDate "2025.03.26"]
[SourceQuality "1"]

1. d4 Nf6 2. c4 e6 3. Nf3 Bb4+ 4. Bd2 Qe7 5. g3 b6 6. Bg2 Bb7 7. 0-0 0-0 8. a3 Bxd2 9. Nbxd2 d6 10. Qc2 Nbd7 11. e4 e5 12. Rfe1 Rfe8 13. Nf1 Bxe4 14. Rxe4 Nxe4 15. Qxe4 Nf6 16. Qc6 exd4 17. Nxd4 Rac8 18. Ne3 Nd7 19. Nd5 Qe5 20. Qxd7 Qxd4 21. Ne7+ 1-0

[Event "Titled Tuesday intern op 11th Mar Late"]
[Site "Chess.com INT"]
[Date "2025.03.11"]
[Round "8"]
[White "Centron Antuna, Daniel"]
[Black "Ahmad, Al Khatib"]
[Result "0-1"]
[WhiteElo "2334"]
[BlackElo "2279"]
[PlyCount "68"]
[EventDate "2025.03.11"]
[EventType "swiss (blitz)"]
[EventRounds "11"]
[EventCountry "USA"]
[SourceTitle "CB12_2025"]
[SourceDate "2025.03.19"]
[SourceVersion "1"]
[SourceVersionDate "2025.03.19"]
[SourceQuality "1"]

1. d4 d5 2. Nf3 Nf6 3. c4 dxc4 4. e3 Bg4 5. Bxc4 e6 6. Nc3 Nc6 7. h3 Bh5 8. Bb5 Be7 9. g4 Bg6 10. Qa4 0-0 11. Bxc6 bxc6 12. Qxc6 Nd5 13. Nxd5 exd5 14. Ne5 Be4 15. f3 Bh4+ 16. Kf1 f6 17. Qe6+ Kh8 18. Nc6 Bd3+ 19. Kg2 Qe8 20. Qxe8 Raxe8 21. Nb4 Bg6 22. Nxd5 f5 23. gxf5 Rxf5 24. Nc3 Rg5+ 25. Kf1 Bd3+ 26. Ne2 Rg3 27. Rh2 Rxf3+ 28. Kg1 Re6 29. Bd2 Rg6+ 30. Kh1 Be4 31. Rg2 Rxh3+ 32. Kg1 Rxg2+ 33. Kf1 Rh1+ 34. Ng1 Rhxg1# 0-1

[Event "Titled Tuesday intern op 04th Mar Early"]
[Site "Chess.com INT"]
[Date "2025.03.04"]
[Round "11"]
[White "Gelman, Alexander"]
[Black "Centron Antuna, Daniel"]
[Result "0-1"]
[WhiteElo "2403"]
[BlackElo "2334"]
[PlyCount "100"]
[EventDate "2025.03.04"]
[EventType "swiss (blitz)"]
[EventRounds "11"]
[EventCountry "USA"]
[SourceTitle "CB11_2025"]
[SourceDate "2025.03.12"]
[SourceVersion "1"]
[SourceVersionDate "2025.03.12"]
[SourceQuality "1"]

1. d4 Nf6 2. Nc3 d5 3. Bf4 e6 4. e3 Bb4 5. Nge2 0-0 6. g4 c5 7. a3 Bxc3+ 8. Nxc3 Nc6 9. g5 Ne4 10. Nxe4 dxe4 11. dxc5 e5 12. Bg3 Be6 13. h4 Qa5+ 14. b4 Qa4 15. c4 Qa6 16. Qc1 Rad8 17. Be2 b6 18. 0-0 Qc8 19. b5 Na5 20. c6 Nb3 21. Qc3 Nxa1 22. Bxe5 Bh3 23. Rxa1 Rd3 24. Bxd3 exd3 25. Kh2 Qf5 26. Bf4 Bg4 27. Kg3 h5 28. f3 Bxf3 29. Kxf3 Qh3+ 30. Kf2 Qxh4+ 31. Bg3 Qxg5 32. Qxd3 Qf6+ 33. Kg2 Qb2+ 34. Kh3 Qxa1 35. c7 Qh1+ 36. Bh2 Qf3+ 37. Bg3 Qg4+ 38. Kh2 h4 39. Bd6 h3 40. Qf1 Rc8 41. Qf2 f6 42. a4 Kf7 43. a5 Ke6 44. c5 bxc5 45. Bg3 c4 46. b6 axb6 47. axb6 Qe4 48. Kxh3 Rh8+ 49. Bh4 g5 50. c8Q+ Rxc8 0-1

[Event "Titled Tuesday intern op 04th Mar Early"]
[Site "Chess.com INT"]
[Date "2025.03.04"]
[Round "7"]
[White "Hiwale, Ronak"]
[Black "Centron Antuna, Daniel"]
[Result "1-0"]
[WhiteElo "2093"]
[BlackElo "2334"]
[PlyCount "187"]
[EventDate "2025.03.04"]
[EventType "swiss (blitz)"]
[EventRounds "11"]
[EventCountry "USA"]
[SourceTitle "CB11_2025"]
[SourceDate "2025.03.12"]
[SourceVersion "1"]
[SourceVersionDate "2025.03.12"]
[SourceQuality "1"]

1. Nf3 Nf6 2. g3 e6 3. Bg2 d5 4. 0-0 Be7 5. d4 0-0 6. c4 b6 7. Nc3 Bb7 8. b3 dxc4 9. bxc4 c5 10. Bb2 cxd4 11. Nxd4 Bxg2 12. Kxg2 Qc8 13. Qd3 Rd8 14. Qf3 Na6 15. Nc6 Re8 16. Nb5 Qb7 17. Nxe7+ Qxe7 18. Ba3 Nc5 19. Rfd1 Rad8 20. Bb2 e5 21. Qc6 h6 22. Ba3 Rc8 23. Qd6 Nfe4 24. Qxe7 Rxe7 25. f3 Nf6 26. Nd6 Rd8 27. Nf5 Red7 28. Ne3 Na4 29. Rxd7 Rxd7 30. Rd1 Nc3 31. Re1 Nxa2 32. Kf2 Nc3 33. Bb2 Na4 34. Bxe5 Ne8 35. Nd5 f6 36. Bf4 Nd6 37. Rc1 Nb2 38. c5 bxc5 39. Rxc5 Ndc4 40. h4 a5 41. Nc3 Kf7 42. Bc1 Ra7 43. Nb5 Rd7 44. Bxb2 Nxb2 45. Rc2 Nd1+ 46. Ke1 Ne3 47. Ra2 Rd1+ 48. Kf2 Nc4 49. Ra4 Rb1 50. Rxc4 Rxb5 51. Rc7+ Kg6 52. Ra7 h5 53. e4 Rc5 54. Ke3 Rc3+ 55. Kf4 Ra3 56. Ra6 Kf7 57. g4 hxg4 58. fxg4 Ra1 59. g5 fxg5+ 60. hxg5 a4 61. Ke5 a3 62. g6+ Ke8 63. Ra7 a2 64. Ra6 Kd7 65. Ra7+ Kc6 66. Ke6 Kb6 67. Ra8 Kb5 68. e5 Kb4 69. Ke7 Kb3 70. Rb8+ Kc3 71. Ra8 Kd4 72. e6 Ke5 73. Ra5+ Kf4 74. Ke8 Ke4 75. e7 Kd4 76. Kf8 Rf1+ 77. Kxg7 Re1 78. Kf7 Rf1+ 79. Ke8 a1Q 80. Rxa1 Rxa1 81. g7 Rg1 82. Kf7 Rf1+ 83. Kg6 Rg1+ 84. Kf6 Rf1+ 85. Kg5 Rg1+ 86. Kf4 Rxg7 87. e8Q Rc7 88. Qe5+ Kc4 89. Qxc7+ Kb5 90. Ke5 Ka6 91. Kd4 Kb5 92. Qb7+ Ka4 93. Kc4 Ka5 94. Qb5# 1-0

[Event "Titled Tuesday intern op 04th Mar Early"]
[Site "Chess.com INT"]
[Date "2025.03.04"]
[Round "2"]
[White "Pyrig, Roman"]
[Black "Centron Antuna, Daniel"]
[Result "1-0"]
[WhiteElo "2429"]
[BlackElo "2334"]
[PlyCount "95"]
[EventDate "2025.03.04"]
[EventType "swiss (blitz)"]
[EventRounds "11"]
[EventCountry "USA"]
[SourceTitle "CB11_2025"]
[SourceDate "2025.03.12"]
[SourceVersion "1"]
[SourceVersionDate "2025.03.12"]
[SourceQuality "1"]

1. e4 c5 2. Nf3 d6 3. d3 g6 4. g3 Bg7 5. Bg2 Nc6 6. 0-0 Rb8 7. a4 a6 8. c3 b5 9. axb5 axb5 10. d4 Bd7 11. Be3 cxd4 12. Nxd4 Nxd4 13. Bxd4 Nf6 14. e5 dxe5 15. Bxe5 Rc8 16. Ra7 Bf5 17. Qxd8+ Rxd8 18. Bc6+ Bd7 19. Bxf6 Bxf6 20. Rxd7 Rxd7 21. Rd1 0-0 22. Rxd7 Rb8 23. Rb7 Ra8 24. Na3 Bxc3 25. bxc3 Rxa3 26. Rxe7 Rxc3 27. Bxb5 Kf8 28. Rb7 Rc5 29. Kg2 h5 30. h4 Kg7 31. Kf3 Rf5+ 32. Ke3 Rc5 33. Ba4 Kf6 34. Bb3 Ke5 35. Bxf7 Kf6 36. Bb3 g5 37. hxg5+ Kxg5 38. Rg7+ Kf6 39. Rf7+ Kg6 40. Rd7 Rc3+ 41. Rd3 Rc1 42. Bd5 Re1+ 43. Kf3 Re8 44. Be4+ Kg5 45. Rd5+ Kh6 46. Rd6+ Kg7 47. Rg6+ Kh7 48. Re6+ 1-0

[Event "Titled Tuesday intern op 25th Feb Early"]
[Site "Chess.com INT"]
[Date "2025.02.25"]
[Round "3"]
[White "Bonaveri, Agustin"]
[Black "Centron Antuna, Daniel"]
[Result "0-1"]
[WhiteElo "2367"]
[BlackElo "2325"]
[PlyCount "112"]
[EventDate "2025.02.25"]
[EventType "swiss (blitz)"]
[EventRounds "11"]
[EventCountry "USA"]
[SourceTitle "CB10_2025"]
[SourceDate "2025.03.05"]
[SourceVersion "1"]
[SourceVersionDate "2025.03.05"]
[SourceQuality "1"]

1. e4 c5 2. Nc3 Nc6 3. g4 g6 4. Bg2 Bg7 5. Nge2 d6 6. h3 Nf6 7. f4 Rb8 8. a4 a6 9. d3 Bd7 10. 0-0 b5 11. axb5 axb5 12. Rb1 b4 13. Nd5 Nxd5 14. exd5 Nd4 15. Be3 h5 16. Nxd4 cxd4 17. Bf2 hxg4 18. hxg4 Qa5 19. Qe2 Kf8 20. Ra1 Qc5 21. Rfe1 Re8 22. Bf3 e6 23. dxe6 Bxe6 24. Qd2 Qc8 25. Qxb4 Kg8 26. Qxd6 Qxc2 27. f5 Qxd3 28. fxe6 Qxf3 29. exf7+ Qxf7 30. Rxe8+ Qxe8 31. Ra7 Rh3 32. Kg2 Rd3 33. Qd5+ Kh8 34. Qb7 Qf8 35. Qf7 Qxf7 36. Rxf7 Rd2 37. Rd7 Rxb2 38. Kf3 Rb4 39. Ke4 d3+ 40. Ke3 Rxg4 41. Rxd3 Kh7 42. Ke2 Re4+ 43. Kf3 Ra4 44. Re3 Bf6 45. Re4 Ra3+ 46. Kg2 Ra6 47. Rg4 Kg7 48. Re4 g5 49. Be3 Kg6 50. Kf3 Kf5 51. Re8 Ra3 52. Ke2 g4 53. Rf8 Ke6 54. Rg8 Ra2+ 55. Kd3 Kf5 56. Rf8 Ra3+ 0-1

[Event "Titled Tuesday intern op 25th Feb Early"]
[Site "Chess.com INT"]
[Date "2025.02.25"]
[Round "2"]
[White "Centron Antuna, Daniel"]
[Black "Rohit, S3."]
[Result "0-1"]
[WhiteElo "2325"]
[BlackElo "2266"]
[PlyCount "94"]
[EventDate "2025.02.25"]
[EventType "swiss (blitz)"]
[EventRounds "11"]
[EventCountry "USA"]
[SourceTitle "CB10_2025"]
[SourceDate "2025.03.05"]
[SourceVersion "1"]
[SourceVersionDate "2025.03.05"]
[SourceQuality "1"]

1. d4 d5 2. Bf4 e6 3. e3 Nf6 4. Nf3 Bd6 5. Bg3 0-0 6. Nbd2 c5 7. c3 b6 8. Ne5 Qc7 9. Bd3 Ba6 10. Qe2 Bxd3 11. Qxd3 Nc6 12. f4 Rad8 13. Bh4 Be7 14. Bxf6 Bxf6 15. Ndf3 Be7 16. 0-0 f6 17. Nxc6 Qxc6 18. f5 Rfe8 19. Rae1 Bf8 20. e4 dxe4 21. Rxe4 exf5 22. Rxe8 Rxe8 23. Qxf5 cxd4 24. Nxd4 Qe4 25. Qxe4 Rxe4 26. Kf2 g6 27. Kf3 f5 28. Rd1 Bc5 29. Nc2 h5 30. Re1 Rh4 31. h3 g5 32. Re5 Rf4+ 33. Ke2 Rf2+ 34. Kd3 Kf7 35. g4 fxg4 36. hxg4 Kf6 37. Re4 h4 38. b4 Bd6 39. Ne3 h3 40. Nd5+ Kf7 41. Re3 h2 42. Re1 Rg2 43. Rf1+ Kg7 44. Ne3 Rg1 45. Nf5+ Kg6 46. Rf2 h1Q 47. Nxd6 Rd1+ 0-1

[Event "Titled Tuesday intern op 28th Jan Early"]
[Site "Chess.com INT"]
[Date "2025.01.28"]
[Round "4"]
[White "Bolourchifard, Farzad"]
[Black "Centron Antuna, Daniel"]
[Result "1-0"]
[WhiteElo "2292"]
[BlackElo "2325"]
[PlyCount "85"]
[EventDate "2025.01.28"]
[EventType "swiss (blitz)"]
[EventRounds "11"]
[EventCountry "USA"]
[SourceTitle "CB06_2025"]
[SourceDate "2025.02.05"]
[SourceVersion "1"]
[SourceVersionDate "2025.02.05"]
[SourceQuality "1"]

1. e4 c5 2. Nc3 Nc6 3. g3 e6 4. Bg2 Nf6 5. Nge2 d5 6. exd5 exd5 7. d4 Be6 8. 0-0 Be7 9. dxc5 Bxc5 10. Bg5 0-0 11. Nf4 d4 12. Ncd5 Be7 13. Nxe7+ Qxe7 14. Nh5 Rad8 15. Qf3 Bd5 16. Nxf6+ Qxf6 17. Bxf6 Bxf3 18. Bxd8 Bxg2 19. Kxg2 Rxd8 20. Rfe1 f6 21. Rad1 Kf7 22. Rd2 Rd5 23. c3 d3 24. Re3 Ne5 25. b3 g5 26. f4 gxf4 27. gxf4 Ng6 28. Kf3 Rf5 29. Re4 h5 30. Kg3 h4+ 31. Kg4 Ra5 32. Ra4 Rc5 33. Rxd3 a6 34. Rc4 Ra5 35. a4 Ne7 36. Rc7 Ke6 37. Re3+ Kd6 38. Rcxe7 f5+ 39. Kg5 Rd5 40. R3e6+ Kc5 41. Re5 Kd6 42. R5e6+ Kc5 43. Rc7# 1-0

[Event "Titled Tuesday intern op 28th Jan Early"]
[Site "Chess.com INT"]
[Date "2025.01.28"]
[Round "1"]
[White "Centron Antuna, Daniel"]
[Black "Zepeda Berlanga, Jan Enrique"]
[Result "0-1"]
[WhiteElo "2325"]
[BlackElo "1979"]
[PlyCount "98"]
[EventDate "2025.01.28"]
[EventType "swiss (blitz)"]
[EventRounds "11"]
[EventCountry "USA"]
[SourceTitle "CB06_2025"]
[SourceDate "2025.02.05"]
[SourceVersion "1"]
[SourceVersionDate "2025.02.05"]
[SourceQuality "1"]

1. d4 Nf6 2. Bf4 c5 3. dxc5 Na6 4. Nf3 Nxc5 5. e3 g6 6. Nbd2 Bg7 7. Be2 0-0 8. 0-0 d6 9. Nb3 Ne6 10. Bg3 Bd7 11. Nbd4 Rc8 12. Nxe6 Bxe6 13. Nd4 Bc4 14. Bxc4 Rxc4 15. Qd3 Qc8 16. c3 Nd7 17. Rad1 Ra4 18. a3 Rd8 19. Qc2 Ra6 20. Qe4 Bf6 21. Rd2 Nc5 22. Qf3 Rb6 23. Rc1 Qd7 24. b4 Bxd4 25. bxc5 Bxc5 26. a4 Qxa4 27. Qd5 Qc6 28. Qg5 Ba3 29. Rcd1 Re8 30. Rd3 Rb3 31. h4 Rxc3 32. h5 Rxd3 33. Rxd3 Bb2 34. h6 Bf6 35. Qa5 a6 36. Qb4 Qb5 37. Qd2 Rc8 38. Kh2 Qh5+ 39. Kg1 Qxh6 40. Bf4 Qh5 41. f3 b5 42. Kf2 a5 43. Rd5 Qh4+ 44. Bg3 Qh1 45. Rxb5 Bc3 46. Qe2 Bb4 47. Bf4 Rc1 48. Kg3 Be1+ 49. Kg4 Qh4# 0-1

[Event "Titled Tuesday intern op 28th Jan Early"]
[Site "Chess.com INT"]
[Date "2025.01.28"]
[Round "2"]
[White "Vasques, Antonio Pedro Freix"]
[Black "Centron Antuna, Daniel"]
[Result "0-1"]
[WhiteElo "2238"]
[BlackElo "2325"]
[PlyCount "52"]
[EventDate "2025.01.28"]
[EventType "swiss (blitz)"]
[EventRounds "11"]
[EventCountry "USA"]
[SourceTitle "CB06_2025"]
[SourceDate "2025.02.05"]
[SourceVersion "1"]
[SourceVersionDate "2025.02.05"]
[SourceQuality "1"]

1. e4 c5 2. Nc3 Nc6 3. Bb5 Nd4 4. Nf3 Nxb5 5. Nxb5 g6 6. d4 a6 7. Nc3 Bg7 8. 0-0 cxd4 9. Nxd4 d6 10. Bg5 Nf6 11. Re1 0-0 12. Nd5 Nxd5 13. exd5 Qb6 14. Nb3 Re8 15. Rxe7 Rxe7 16. Bxe7 Bxb2 17. Rb1 Be5 18. c4 Qc7 19. Bg5 Qxc4 20. Rc1 Qe4 21. f3 Qf5 22. Be3 Qh5 23. h3 Bxh3 24. gxh3 Qxh3 25. Qe2 Re8 26. Bf4 Bd4+ 0-1

[Event "Titled Tuesday intern op 02nd Jul Late"]
[Site "Chess.com INT"]
[Date "2024.07.02"]
[Round "1"]
[White "Cardozo Munar, Carlos Eduardo"]
[Black "Centron Antuna, Daniel"]
[Result "0-1"]
[WhiteElo "2060"]
[BlackElo "2274"]
[PlyCount "126"]
[EventDate "2024.07.02"]
[EventType "swiss (blitz)"]
[EventRounds "11"]
[EventCountry "USA"]
[SourceTitle "EXT 2025"]
[Source "ChessBase"]
[SourceDate "2024.10.14"]
[SourceVersion "1"]
[SourceVersionDate "2024.10.14"]
[SourceQuality "1"]

1. d4 f5 2. h3 d6 3. g4 fxg4 4. hxg4 Bxg4 5. Qd3 Nf6 6. Qb5+ Nc6 7. Qxb7 Nxd4 8. Na3 e5 9. Bh3 Bxh3 10. Nxh3 d5 11. c3 Rb8 12. Qxa7 Bxa3 13. cxd4 Bb4+ 14. Kf1 exd4 15. Qxd4 Qe7 16. Bg5 0-0 17. Rd1 c6 18. Qd3 Bc5 19. Nf4 Qe4 20. Qh3 Rxb2 21. Qe6+ Kh8 22. Qxe4 Nxe4 23. Ng6+ Kg8 24. Nxf8 Kxf8 25. Bh4 Rxa2 26. f3 Nc3 27. Rc1 d4 28. Rh2 d3 29. Rxc3 Ra1+ 30. Kg2 Rg1+ 31. Kh3 d2 32. Rd3 d1Q 33. Rxd1 Rxd1 34. e4 Rd3 35. Kg4 Bd6 36. Rc2 c5 37. Bg3 Be7 38. Be5 Rd7 39. Ra2 Kf7 40. Ra8 g6 41. Rc8 h5+ 42. Kg3 Ke6 43. Bf4 g5 44. Be3 Bd6+ 45. Kf2 Rg7 46. Bxc5 Kd7 47. Bxd6 Kxc8 48. Be5 Rf7 49. Ke3 Kd7 50. Kf2 Ke6 51. Bb8 h4 52. Kg2 Rb7 53. Bh2 Rb3 54. Bg1 Ke5 55. Bh2+ Kd4 56. Bc7 Kd3 57. Kh3 Ke2 58. Kg4 Rxf3 59. Kxg5 h3 60. e5 h2 61. e6 h1Q 62. e7 Qg2+ 63. Kh5 Rh3# 0-1